000
00238nam a22000857a 4500
008
160630b xxu||||| |||| 00| 0 eng d
100
_9
1609
_a
Tayal, B.B
245
_a
Political Theory and Indian Democracy - XII
260
_a
NEW DELHI
_b
ARYA
_c
2004
999
_c
1333
_d
1333